00797cam a2200193 a 4500003000900000005001700009008004100026020001800067040002800085100002500113245007700138250008400215260009300299300004100392650004200433650004200475650004800517650003800565CO-ViMGA20230915233136.0150506s2015 ck a gr 000 j spa  a9789583802317 aCO-ViMGAbspacCO-ViMGA10aSoule Egea, Gabriela13aEl despertar del silencio buna novela de bullying cGabriela Soule Egea aEdicion especial para El Ministerio de Cultura, Biblioteca Nacional de Colombia aBogotabInstituto de Seguridad y Servicios Sociales de los Trabajadores del Estadoc2014 a261 pg̀inas bilustraciones c21 cm14aAcoso escolar en la literatura 2LEMB14aLiteratura mexicana ySiglo XXI2LEMB14aNiños y violencia en la literatura 2LEMB14aNovela mexicana ySiglo XXI2LEMB